Children of the Ashes : (Record no. 13208)
[ view plain ]
| 000 -LEADER | |
|---|---|
| fixed length control field | 01145cam a22003251i 4500 |
| 001 - CONTROL NUMBER | |
| control field | 10306004 |
| 003 - CONTROL NUMBER IDENTIFIER | |
| control field | EG-ScBUE |
| 005 - DATE AND TIME OF LATEST TRANSACTION | |
| control field | 20240418124644.0 |
| 008 - FIXED-LENGTH DATA ELEMENTS--GENERAL INFORMATION | |
| fixed length control field | 750110t1961 nyuab f b 000 0 eng d |
| 035 ## - SYSTEM CONTROL NUMBER | |
| System control number | (OCoLC)1136915 |
| 040 ## - CATALOGING SOURCE | |
| Original cataloging agency | DLC |
| Language of cataloging | eng |
| Description conventions | rda |
| Transcribing agency | TxShA |
| Modifying agency | OCoLC |
| -- | NBrockU |
| -- | DLC |
| -- | EG-ScBUE |
| 041 1# - LANGUAGE CODE | |
| Language code of text/sound track or separate title | eng |
| Language code of original and/or intermediate translations of text | ger |
| 043 ## - GEOGRAPHIC AREA CODE | |
| Geographic area code | a-ja--- |
| 082 04 - DEWEY DECIMAL CLASSIFICATION NUMBER | |
| Classification number | 952.19 |
| Item number | JUN |
| Edition number | 22 |
| 100 1# - MAIN ENTRY--PERSONAL NAME | |
| Personal name | Jungk, Robert |
| Dates associated with a name | 1913- |
| Relator term | author. |
| 9 (RLIN) | 10651 |
| 240 10 - UNIFORM TITLE | |
| Uniform title | <a href="Strahlen aus der Asche.">Strahlen aus der Asche.</a> |
| Language of a work | English |
| 245 10 - TITLE STATEMENT | |
| Title | Children of the Ashes : |
| Remainder of title | The story of a rebirth / |
| Statement of responsibility, etc | by Robert Jungk ; translated by Constantine Fitzgibbon. |
| 264 #1 - PUBLICATION, DISTRIBUTION, ETC. (IMPRINT) | |
| Place of publication, distribution, etc | New York : |
| Name of publisher, distributor, etc | Harcourt, Brace & World, |
| Date of publication, distribution, etc | [1961] |
| 264 #4 - PUBLICATION, DISTRIBUTION, ETC. (IMPRINT) | |
| Date of publication, distribution, etc | c1961 |
| 300 ## - PHYSICAL DESCRIPTION | |
| Extent | 317 pages : |
| Other physical details | illustrations, maps ; |
| Dimensions | 21 cm |
| 336 ## - CONTENT TYPE | |
| Source | rdacontent |
| Content type term | text |
| Content type code | txt |
| 337 ## - MEDIA TYPE | |
| Media type term | unmediated |
| Source | rdamedia |
| Media type code | n |
| 338 ## - CARRIER TYPE | |
| Carrier type term | volume |
| Carrier type code | nc |
| Source | rdacarrier |
| 504 ## - BIBLIOGRAPHY, ETC. NOTE | |
| Bibliography, etc | Includes bibliographical references. |
| 546 ## - LANGUAGE NOTE | |
| Language note | Text in English ; translated from the original Germany.<br/> |
| 651 #7 - SUBJECT ADDED ENTRY--GEOGRAPHIC NAME | |
| Geographic name | Hiroshima-shi (Japan) |
| General subdivision | History. |
| Source of heading or term | BUEsh |
| 9 (RLIN) | 10652 |
| 655 ## - INDEX TERM--GENRE/FORM | |
| Form subdivision | Reading book |
| 700 1# - ADDED ENTRY--PERSONAL NAME | |
| Personal name | Fitzgibbon, Constantine, |
| Relator term | translator. |
| 9 (RLIN) | 10653 |
| 942 ## - ADDED ENTRY ELEMENTS (KOHA) | |
| Source of classification or shelving scheme | Dewey Decimal Classification |
| Koha item type | Book - Borrowing |
| Withdrawn status | Lost status | Source of classification or shelving scheme | Damaged status | Not for loan | Collection code | Home library | Current library | Shelving location | Date acquired | Source of acquisition | Total Checkouts | Total Renewals | Full call number | Barcode | Date last seen | Date checked out | Price effective from | Koha item type | Public note |
|---|---|---|---|---|---|---|---|---|---|---|---|---|---|---|---|---|---|---|---|
| Dewey Decimal Classification | Donation-Gift | Central Library | Central Library | Second Floor | 24/01/2010 | Donation | 3 | 2 | 952.19 JUN | 000019144 | 15/07/2025 | 15/10/2015 | 24/01/2010 | Book - Borrowing | Donated by: Alaa Abd El- Ghaney |